Largest Comic Book Publishers - Statistics

General Stats
  • This quiz has been taken 13 times
  • The average score is 7 of 18
Answer Stats
Hint Answer % Correct
Batman, Superman, Sandman, and Watchmen DC
100%
Spider-Man, Avengers, Wolverine, and Star Wars Marvel
100%
Spawn, Invincible, Walking Dead, and Energon Image
83%
Hellboy, Sin City, Berserk, and Umbrella Academy Dark Horse
75%
Archie, Josie and the Pussycats, Sonic (formerly), and Dark Circle Archie
58%
Vampirella, The Boys, Red Sonja, and Terminator Dynamite
50%
TMNT, Sonic, Star Trek, and Locke and Key IDW
50%
Something is Killing the Children, Power Rangers, Hellraiser, and BRZRKR BOOM!
42%
Scott Pilgrim, Rick and Morty, EC Comics and Sixth Gun Oni
25%
Bloodshot, X-O Manowar, Harbringer, and Divinity Valiant
25%
Babyteeth, a Walk through Hell, Rough Riders, and We Live Aftershock
17%
Dragon Ball, One Piece, Naruto, and Bleach VIZ
17%
Alice in Leatherland, Space Riders, Occupy Comics, and Sinatoro Black Mask
8%
Somna, Devil's Cut, Gone, and Spectregraph DSTLRY
8%
The Comics Journal, Ghost World, Megahex, and Monsters Fantagraphics
8%
Tensura, Blue Lock, Attack on Titan and Sailor moon Kodansha
8%
Gun Honey, Doctor Who, Conan the Barbarian and Hard Case Crime Titan
8%
Barbaric, Vampire the Masquerade, These Savage Shores, and Dark One Vault
8%
No matching quizzes found
Score Distribution
Percent of People with Each Score
Percentile by Number Answered
Your Score History
You have not taken this quiz